01172njm a2200265Ia 4500001000600000003000900006005001700015008004100032040001300073040001300086041001200099100001300111100001800124100003800142245001900180250001100199260001300210260006600223300001700289500001700306505039700323650005200720700007700772700005700849A5071IT-RoPAU20220918181149.0131025s9999 xx 000 0 und d aIT-RoPAU cIT-RoPAU aINGLESE aReed Lou eAutore musica gCodice autore musica SPICS: 13226 aMagic and Loss a1a ed. aNEW YORK bSIRE RECORS INC.c1991 [1a Ed.:1991 - Ed. Lingua Orig.: 1991] aCOMPACT DISC aMusica rock. aDorita: the Spirit - What's Good: the Thesis - Power and Glory: the Situation - Magician: Internally - Sword of Damocles: Externally - Goodby Mass: In A Chapel Bodily Termination - Cremation: Ashes To Ashes - Dreamin: Escape - No Chance: Regret - Warrior King: Revenge - Harry's Circumcision: Reverie Gone Astray - Power and Glory Part II: Magic Transformation - Magic and Loss: the Summation aROCK [COMPACT DISC]eCodice MATERIA SPICS: 9949 aReed LoueAutore testo e musicagCodice autore testo/musica SPICS: 13226 aReed LougCodice interprete SPICS: 13226eInterprete